Současné problémy mezinárodního finančního systému
Vzťahy medzi globálnymi ekonomickými problémami a medzinárodnými finančnými vzťahmi. Reformy v krajinách bývalého RVHP. Riešenie problémov prispôsobivosti, reality a zlúčiteľnosti. Vplyv celosvetových udalostí. Chronologický prehľad riešenia platobných problémov RVHP, a po rozpade RVHP. Clearingový...
Salvato in:
| Autore principale: | |
|---|---|
| Natura: | Capitolo di libro |
| Lingua: | ceco |
| Soggetti: | |
| Tags: |
Nessun Tag, puoi essere il primo ad aggiungerne!!
|
MARC
| LEADER | 00000naa a2200000 4500 | ||
|---|---|---|---|
| 001 | r015862 | ||
| 005 | 20221205090741.3 | ||
| 041 | 0 | |a cze | |
| 044 | |a CZ | ||
| 245 | 1 | 0 | |a Současné problémy mezinárodního finančního systému |c P. Zahradník |
| 520 | |a Vzťahy medzi globálnymi ekonomickými problémami a medzinárodnými finančnými vzťahmi. Reformy v krajinách bývalého RVHP. Riešenie problémov prispôsobivosti, reality a zlúčiteľnosti. Vplyv celosvetových udalostí. Chronologický prehľad riešenia platobných problémov RVHP, a po rozpade RVHP. Clearingový systém založený na ECU. Programy vnútornej zmeniteľnosti. Vytvorenie podmienok pre užšiu menovú koordináciu. Optimálne riešenie menových a finančných problémov - menová únia, voľná trhová súťaž. | ||
| 610 | 2 | 0 | |a systém menový medzinárodný |
| 610 | 2 | 0 | |a vývoj hospodársky |
| 610 | 2 | 0 | |a reformy hospodárske |
| 610 | 2 | 0 | |a reformy menové |
| 610 | 2 | 0 | |a únie menové |
| 610 | 2 | 0 | |a východná Európa |
| 610 | 2 | 0 | |a stredná Európa |
| 610 | 2 | 0 | |a vzťahy peňažné medzinárodné |
| 610 | 2 | 0 | |a dohody platobné medzinárodné |
| 610 | 2 | 0 | |a mena |
| 610 | 2 | 0 | |a klíring |
| 610 | 2 | 0 | |a kurz devízový |
| 610 | 2 | 0 | |a vzťahy hospodárske vonkajšie |
| 610 | 2 | 0 | |a Medzinárodný menový fond |
| 610 | 2 | 0 | |a Svetová banka |
| 610 | 2 | 0 | |a RVHP |
| 100 | 1 | |a Zahradník, Petr | |